000
00326nam a22001337a 4500
008
170324b xxu||||| |||| 00| 0 eng d
020
_a
9780130262783
041
_a
eng
080
_2
6 ED
_a
615.83
100
_a
8
101
_a
SHM
245
_a
AN EXPERIENTIAL APPROACH TO ORGANIZATION DEVELOPMENT
_c
HARVEY.D
942
_2
udc
_c
BK
999
_c
8551
_d
8551